00955nam a2200217Ia 4500008004100000020001800041050002500059100002100084245006700105250001000172260003100182300002000213440004000233500004900273650003500322700003300357952010200390952011400492952011400606999001700720120721s9999 xx 000 0 und d a970-15-0023-7 aHF5438.25 A4318 1995 aAguilar, Michael aEl vendedor de élite / Michael Aguilar ; tr. Marcel Aparicio a2a ed aMéxico : Alfaomega, 1995 a191 p. ; 23 cm. aCreación y desarrollo empresarial aTraducción de la obra: Vendedor de élite a1. Vendedores y arte de vender aI. Aparicio, Marcelo, tr.Ì 00104070a08b08d2008-12-17l0oHF5438.25 A4318 1995p08 001708r2012-07-20t1w2012-07-20yLB 00104070a08b08d2009-03-19l1oHF5438.25 A4318 1995p08 001709r2018-05-31s2018-05-31t2w2012-07-20yLB 00104070a08b08d2009-03-19l1oHF5438.25 A4318 1995p08 001710r2015-07-14s2015-07-14t3w2012-07-20yLB c81892d81892